000 00317 a2200157 4500
001 180261
020 _a
040 _cMagnum
100 _aCondemarin, Mabel
240 1 0 _aCada dia um jogo
_lpor
245 1 0 _aCada dia um jogo
362 0 _a1899
440 1 _aLoyola
697 _aMAGNITO: ENSINO
942 _cBK
999 _c180261
_d180261